Identidad nacional y poder /

Guardat en:
Dades bibliogràfiques
Autor principal: Silva Charvet, Erika (autor)
Format: Llibre
Idioma:espanyol
Publicat: Quito, Ecuador : Abya-Yala, 2005, c2005
Edició:2a edición
Matèries:
Etiquetes: Afegir etiqueta
Sense etiquetes, Sigues el primer a etiquetar aquest registre!

MARC

LEADER 00000nam^a2200000^a^4500
001 000194761
005 20250521000000.0
009 20260310102728.908
020 |a 9978-22-556-0 
037 |a Acervo ITESO - Biblioteca 
041 |a ESP 
082 |a 306. 409866  |b SIL 
100 |a Silva Charvet, Erika  |e (autor) 
245 1 0 |a Identidad nacional y poder /  |c E. Silva Charvet ; Pról. de Hans Ulrich-Bünguer. 
250 |a 2a edición 
264 4 |a Quito, Ecuador :  |b Abya-Yala,  |c 2005, c2005 
300 |a 188 p. 
336 |a texto  |b txt  |2 rdacontenido 
337 |a sin mediación  |b n  |2 rdamedio 
338 |a volumen  |b nc  |2 rdasoporte 
649 |a XX 
650 |a Indígenas de América del Sur -  |z Ecuador 
650 |a Mestizaje -  |z Ecuador 
650 |a Diversidad Cultural -  |z Ecuador 
650 |a Identidad Cultural -  |z Ecuador -  |x Tema Principal 
650 |a Identidad Nacional -  |z Ecuador -  |x Tema Principal 
650 |a Nacionalismo -  |z Ecuador 
650 |a Poder Político -  |z Ecuador 
650 |a Sociología Política 
650 |a Sociología de la Cultura 
650 |a Antropología Cultural 
650 |a Ecuador -  |x Condiciones Sociales y Culturales -  |x Tema Principal 
650 |a Ecuador -  |x Historia 
910 |a Fondo General 
920 |a Impresos - Libros 
930 |a Colección General 
905 |a 101 
901 |a 0500139808  |b IT1  |c ACC  |u 20250521 
902 |a https://opac.biblio.iteso.mx/vufind/Record/000194761